• 首页
  • 本馆介绍
  • 公告通知
  • 最新文献
  • 馆藏检索
  • 电子资源
  • 读者导购
  • 参考咨询
  • 我的图书馆
  • 登录
  • 详细信息显示
  • 放入我的书架
  • 预约/预借图书
  • 作者相关作品
  • 分类相关作品
  • 丛书相关作品
  • 出版社相关作品

书目信息

  • 表格格式
  • 工作单格式
  • 卡片格式
题名:
钓鱼大全
    
 
作者: 梁增林 主编
分册:  
出版信息: 天津   天津科学技术出版社  1992.12
页数: 438页
开本: 19cm
丛书名:
单 册:
中图分类: G897
科图分类:
主题词: 文娱性体育活动
电子资源:
ISBN: 7-5308-1157-6
000 00502nam0 2200193 45
001 0001111474
005 20040509092730.3
010    @a7-5308-1157-6@dCNY17.50
100    @a20000111d1992 km y0chiy0120 ea
101    @achi
105    @a z 000yy
200 1  @a钓鱼大全@f梁增林主编
210    @a天津@c天津科学技术出版社@d1992.12
215    @a438页@c插图@d19cm
606 0  @a文娱性体育活动
690    @aG897@v1
701    @a梁增林@4主编
801    @aCN@bTSTC@c20000111
905    @dG897@e150@f4@b284854-857
    
    钓鱼大全/梁增林主编.-天津:天津科学技术出版社,1992.12
    438页:插图;19cm
    
    
    ISBN 7-5308-1157-6:CNY17.50
    
●
相关链接 在E读中查询图书 在五车中查询图书 在当当中查询图书 在豆瓣中查询图书


正题名:钓鱼大全     索取号:G897/150         预约/预借

序号 登录号 条形码 馆藏地/架位号 状态 备注
1 0284854   002848547   密集书库/ [索取号:G897/150] 在馆    
2 0284855   002848556   第四借阅区/ [索取号:G897/150] 在馆    
3 0284856   002848565   第四借阅区/ [索取号:G897/150] 在馆    
4 0284857   002848574   密集书库/ [索取号:G897/150] 在馆    
5 0284858   002848583   第一样本阅览室/ [索取号:G897/150] 在馆    
唐山师范学院图书馆 欢迎您!
大连网信软件有限公司© 版权所有